Statistics for 10 Closest Megacities to London

Click here to take the quiz!

General Stats

  • This quiz has been taken 568 times
  • The average score is 7 of 10

Answer Stats

DistanceCity% Correct
343 km / 213 milesParis
99%
5,586 km / 3,471 milesNew York City
97%
2,509 km / 1,559 milesMoscow
96%
2,504 km / 1,556 milesIstanbul
88%
3,513 km / 2,183 milesCairo
85%
5,007 km / 3,111 milesLagos
71%
4,406 km / 2,738 milesTehran
67%
6,320 km / 3,927 milesKarachi
52%
6,359 km / 3,951 milesKinshasa
50%
6,299 km / 3,914 milesLahore
37%

Score Distribution

Percentile by Number Answered

Percent of People with Each Score

Your Score History

You have not taken this quiz